000 00432nam a22001697a 4500
003 NUST - PNEC
005 20170116180913.0
008 150903b xxu||||| |||| 00| 0 eng d
020 _a0023223200
040 _cLIBRARY
082 _a620.112 CHE
100 _97254
_aCheng, Fa-Hwa
245 _aApplied strength of materials
_cFa Hwa Cheng.
260 _cc. 1986
650 _97257
_aStrength of materials
_xME
942 _2ddc
_cBK
999 _c65366
_d65366